LEADER 00996nam a22002531i 4500 001 991003948269707536 005 20040706160122.0 008 040802s1964 fr a||||||||||||||||fre 035 $ab13151009-39ule_inst 035 $aARCHE-110361$9ExL 040 $aBiblioteca Interfacoltà$bita$cA.t.i. Arché s.c.r.l. Pandora Sicilia s.r.l. 082 04$a284.2 100 1 $aBoisset, Jean$0385574 245 10$aCalvin et la souveraineté de Dieu /$cprésentation, choix de textes, biographie par Jean Boisset 260 $aParis :$bSeghers,$cc1964 300 $a190 p. :$bill. ;$c14 cm 440 0$aPhilosophes de tous les temps 600 14$aCalvino, Giovanni 907 $a.b13151009$b02-04-14$c05-08-04 912 $a991003948269707536 945 $aLE002 Fondo Giudici L 995$g1$i2002000336347$lle002$nC. 1$o-$pE0.00$q-$rn$so $t0$u0$v0$w0$x0$y.i13789193$z05-08-04 996 $aCalvin et la souveraineté de Dieu$9150835 997 $aUNISALENTO 998 $ale002$b05-08-04$cm$da $e-$ffre$gfr $h0$i1 LEADER 01209nam a2200265 i 4500 001 991001632809707536 008 030523s1988 it 000 0 ita 020 $a8878120103 035 $ab12174993-39ule_inst 040 $aFac. Economia$bita 082 0 $a025.46004 100 1 $aDewey, Melvil$04574 245 10$aClassificazione decimale Dewey 004-006 :$belaborazione dei dati, scienza degli elaboratori, informatica e cambiamenti in discipline affini 250 $aRev. dell'ed. 19 con nuovi numeri dell'ed. 20 / preparata da Julianne Beall ; con l'assistenza di John P. Comaromi, Winton E. Matthews jr., Gregory R. New, ed. italiana / a cura di Daniele Danesi 260 $aRoma :$bAssociazione italiana biblioteche,$c1988 300 $a87 p. ;$c24 cm 650 4$aClassificazione decimale Dewey$xManuali 700 1 $aDanesi, Daniele 700 1 $aBeall, Julianne 907 $a.b12174993$b21-09-06$c23-05-03 912 $a991001632809707536 945 $aLE025 ECO 025 DEW01.02$g1$i2025000087545$lle025$op$pE0.00$q-$rl$s- $t0$u0$v0$w0$x0$y.i12522922$z23-05-03 996 $aClassificazione decimale Dewey 004-006$9115330 997 $aUNISALENTO 998 $ale025$b - - $cm$da $e-$fita$git $h0$i0